| 000 | 00383nam a2200133Ia 4500 | ||
|---|---|---|---|
| 003 | GCL | ||
| 008 | 140319s9999 xx 000 0 ara d | ||
| 040 |
_aGCL / _cGCL |
||
| 082 | 0 | 4 |
_a219 _bم د |
| 245 | 1 | 0 | _aدور الحركة الاسلامية فى تصفية الاقطاع |
| 260 |
_a[S.N] : _bالزهراء للاعلام العربى ، _c1993 |
||
| 300 | _a90 ص | ||
| 490 | _a | ||
| 999 |
_c53458 _d53458 |
||